| 000 | 00589cam a22001934a 4500 | ||
|---|---|---|---|
| 001 | 15432787 | ||
| 005 | 20240304012229.0 | ||
| 008 | 080829s2001 ce b 001 0 eng | ||
| 020 | _a9558027022 | ||
| 040 |
_aDLC _cDLC _dDLC |
||
| 082 |
_222 _a323.34 _bGEN. |
||
| 100 | 1 | _aGomez, Mario. | |
| 245 | 1 | 0 |
_aGender and politics in Sri Lanka : _bpreferring women / _cMario Gomez and Shyamala Gomez. |
| 250 | _a1st ed. | ||
| 260 |
_aColombo : _bCanadian International Development Agency's (CIDA's) Shakti Gender Equity Project, _c2001. |
||
| 300 | _axiv, 108 p. ; | ||
| 650 | 0 | _aWomen | |
| 942 | _cL | ||
| 999 |
_c533 _d533 |
||